000
00232 a2200097 4500
020
_a
9789390075850
100
_a
B. K. Harinarayanan
245
_a
Sivam Subham: a biography of a couple
260
_b
Current books
_c
2025
942
_c
OO
999
_c
116087
_d
116086